| 000 | 01297nac a22002891u 4500 | ||
|---|---|---|---|
| 010 | _a 2002021920 | ||
| 020 | _a0072290706 (alk. paper) | ||
| 020 | _a0071123105 (international : alk. paper) | ||
| 082 | 0 | 0 |
_a658.7 _bB9731 |
| 090 |
_c4241 _d4241 |
||
| 100 | _aBurt, David N. | ||
| 245 | 1 | 0 |
_aWorld class supply management : _bthe key to supply chain management / _cDavid N. Burt, Donald W. Dobler, Stephen L. Starling. |
| 250 |
_a7th ed. _bInternational ed. |
||
| 260 |
_aBoston : _bMcGraw-Hill/Irwin,c2003. _cc2003. |
||
| 300 |
_axlvi, 689 p. : _bill. ; _c24 cm. + _e1 CD-ROM (4 3/4 in.) |
||
| 500 | _aRev. ed. of: Purchasing and supply management / Donald W. Dobler. | ||
| 500 | _aInternational Edition. | ||
| 504 | _aIncludes bibliographical references and indexes. | ||
| 650 | 0 | _aIndustrial procurement. | |
| 650 | 0 | _aPurchasing. | |
| 650 | 0 | _aMaterials management. | |
| 700 | 1 | _aDobler, Donald W. | |
| 700 | 1 | _aStarling, Stephen L. | |
| 942 |
_cBB _k658.7B9731 |
||
| 999 |
_c4241 _d4241 |
||